Sélectionnez les personnages Harry Potter - Statistiques

Statistiques générales
  • Ce quiz a été pris 481 fois
  • Le résultat moyen est 45 sur 60
Statistiques - réponses
Question Tuile Select % Correct
les 6 personnages qui ont été pétrifiés par le basilic Drago Malefoy Non
98%
les 6 personnages qui ont été pétrifiés par le basilic Harry Potter Non
98%
les 6 personnages qui ont été pétrifiés par le basilic Gilderoy Lockhart Non
96%
les 6 personnages qui ont été a Serdaigle Albus Dumbledore Non
95%
les 6 personnages qui ont été pétrifiés par le basilic Cho Chang Non
95%
les 6 personnages qui sont des nés moldus James Potter Non
95%
les 6 personnages qui ont été pétrifiés par le basilic Neville Londubat Non
95%
les 6 personnages qui ont été a Serdaigle Dolores Ombrage Non
93%
les 6 familles de Sang-Pur qui font partie du registre des Sang-Pur Famille Malefoy Oui
93%
les 6 personnages qui ont été pétrifiés par le basilic Miss Teigne Oui
92%
les 6 personnages qui ont été pétrifiés par le basilic Colin Crivey Oui
90%
les 6 personnages qui ont été pétrifiés par le basilic Hermione Granger Oui
90%
les 6 personnages qui ont été a Serdaigle Luna Lovegood Oui
90%
les 6 personnages qui sont des nés moldus Remus Lupin Non
90%
les 6 personnages qui ont été a Serdaigle Marcus Flint Non
88%
les 6 familles de Sang-Pur qui font partie du registre des Sang-Pur Famille Rogue Non
87%
les 6 personnages qui sont des nés moldus Minerva McGonagall Non
87%
les 6 familles de Sang-Pur qui font partie du registre des Sang-Pur Famille Prince Non
86%
les 6 personnages qui sont des nés moldus Hermione Granger Oui
86%
les 6 personnages qui ont été pétrifiés par le basilic Nick-Quasi-Sans-Tête Oui
85%
les 6 personnages qui ont été a Serdaigle Cormac MacLaggen Non
84%
les 6 familles de Sang-Pur qui font partie du registre des Sang-Pur Famille Black Oui
84%
les 6 familles de Sang-Pur qui font partie du registre des Sang-Pur Famille Lestrange Oui
84%
les 6 personnages qui ont été pétrifiés par le basilic Justin Finch-Fletchley Oui
84%
les 6 personnages qui sont des nés moldus Cho Chang Non
83%
les 6 personnages qui sont des nés moldus Lily Evans Oui
83%
les 6 personnages qui sont des nés moldus Lord Voldemort Non
83%
les 6 personnages ayant du ventricule de dragon dans leur baguette Harry Potter Non
81%
les 6 personnages qui ont été a Serdaigle Hannah Abbot Non
80%
les 6 personnages qui ont été a Serdaigle Garrick Ollivander Oui
79%
les 6 personnages qui ont été a Serdaigle Gilderoy Lockhart Oui
78%
les 6 personnages qui ont été a Serdaigle Sibylle Trelawney Oui
78%
les 6 personnages qui ont été pétrifiés par le basilic Ginny Weasley Non
77%
les 6 personnages qui ont été a Serdaigle Parvati Patil Non
76%
les 6 personnages ayant du ventricule de dragon dans leur baguette Albus Dumbledore Non
73%
les 6 personnages ayant du ventricule de dragon dans leur baguette Fleur Delacour Non
72%
les 6 personnages qui ont été a Serdaigle Padma Patil Oui
72%
les 6 personnages qui ont été pétrifiés par le basilic Pénélope Deauclaire Oui
72%
les 6 familles de Sang-Pur qui font partie du registre des Sang-Pur Famille Potter Non
71%
les 6 familles de Sang-Pur qui font partie du registre des Sang-Pur Famille Weasley Oui
70%
les 6 personnages qui sont des nés moldus Mimi Geignarde Oui
70%
les 6 personnages qui ont été a Serdaigle Quirinus Quirrell Oui
70%
les 6 personnages ayant du ventricule de dragon dans leur baguette Bellatrix Lestrange Oui
69%
les 6 personnages qui sont des nés moldus Colin Crivey Oui
68%
les 6 familles de Sang-Pur qui font partie du registre des Sang-Pur Famille Crabbe Non
66%
les 6 personnages qui sont des nés moldus Seamus Finnigan Non
66%
les 6 personnages qui sont des nés moldus Justin Finch-Fletchley Oui
63%
les 6 personnages ayant du ventricule de dragon dans leur baguette Ron Weasley Non
62%
les 6 familles de Sang-Pur qui font partie du registre des Sang-Pur Famille Londubat Oui
61%
les 6 familles de Sang-Pur qui font partie du registre des Sang-Pur Famille Goyle Non
60%
les 6 personnages ayant du ventricule de dragon dans leur baguette Hermione Granger Oui
59%
les 6 familles de Sang-Pur qui font partie du registre des Sang-Pur Famille Peverell Non
57%
les 6 personnages ayant du ventricule de dragon dans leur baguette Dolores Ombrage Oui
55%
les 6 personnages ayant du ventricule de dragon dans leur baguette Peter Pettigrow Oui
53%
les 6 personnages ayant du ventricule de dragon dans leur baguette Salazar Serpentard Non
53%
les 6 personnages ayant du ventricule de dragon dans leur baguette Minerva McGonagall Oui
52%
les 6 personnages ayant du ventricule de dragon dans leur baguette Gilderoy Lockhart Oui
47%
les 6 personnages ayant du ventricule de dragon dans leur baguette Cédric Digorry Non
43%
les 6 personnages qui sont des nés moldus Ted Tonks Oui
39%
les 6 familles de Sang-Pur qui font partie du registre des Sang-Pur Famille Abbot Oui
15%
Aucun quiz correspondant
Distribution des résultats
% des personnes avec chaque résultat
Percentile par nombre de réponses
Votre historique - résultats
Vous n’avez pas pris ce quiz